Techniques of physical side channel crypt analysis (Record no. 180693)
[ view plain ]
| 000 -LEADER | |
|---|---|
| fixed length control field | 00774 a2200181 4500 |
| 003 - CONTROL NUMBER IDENTIFIER | |
| control field | Nust |
| 005 - DATE AND TIME OF LATEST TRANSACTION | |
| control field | 20170207153154.0 |
| 040 ## - CATALOGING SOURCE | |
| Transcribing agency | Nust |
| 082 ## - DEWEY DECIMAL CLASSIFICATION NUMBER | |
| Classification number | 005.8 |
| 100 ## - MAIN ENTRY--PERSONAL NAME | |
| Personal name | Rehman, Atiqur ( MSIS-2) |
| 245 ## - TITLE STATEMENT | |
| Title | Techniques of physical side channel crypt analysis |
| Statement of responsibility, etc. | Atiqur Rehman |
| 260 ## - PUBLICATION, DISTRIBUTION, ETC. | |
| Name of publisher, distributor, etc. | MCS (NUST) |
| Date of publication, distribution, etc. | 2008 |
| Place of publication, distribution, etc. | Rawalpindi |
| 300 ## - PHYSICAL DESCRIPTION | |
| Extent | x, 91, p. |
| 505 ## - FORMATTED CONTENTS NOTE | |
| Formatted contents note | Introduction (page-1) History of side channel cryptanalysis (page-6) Physical implementation attacks (page-10) Side channel cryptanalysis (page-15)Timing analysis (page-25) Power analysis (page-37) Fault analysis (page-42) SCA attack approaches (page-58) Standards (page-66) Countermeasures against SCA (page-75) Summary (page-83) |
| 538 ## - SYSTEM DETAILS NOTE | |
| System details note | Almirah No.70 Shelf No.4 |
| 650 ## - SUBJECT ADDED ENTRY--TOPICAL TERM | |
| Topical term or geographic name entry element | PG Thesis |
| 651 ## - SUBJECT ADDED ENTRY--GEOGRAPHIC NAME | |
| Geographic name | MSIS-2 |
| 942 ## - ADDED ENTRY ELEMENTS (KOHA) | |
| Koha item type | |
| Withdrawn status | Lost status | Source of classification or shelving scheme | Damaged status | Not for loan | Collection code | Permanent Location | Current Location | Date acquired | Total Checkouts | Full call number | Barcode | Date last seen | Price effective from | Koha item type |
|---|---|---|---|---|---|---|---|---|---|---|---|---|---|---|
| Military College of Signals (MCS) | Military College of Signals (MCS) | 12/12/2016 | 005.8 REH | MCSTIS-126 | 12/08/2016 | 12/12/2016 | Book | |||||||
| Military College of Signals (MCS) | Military College of Signals (MCS) | 12/12/2016 | 005.8 REH | MCSTIS-35 | 12/08/2016 | 12/12/2016 | Book |
